| 000 | 00467nam a2200193Ia 4500 | ||
|---|---|---|---|
| 005 | 20240823041251.0 | ||
| 008 | 240823s9999||||xx |||||||||||||| ||und|| | ||
| 020 | _a81-89248-12-X | ||
| 041 | _aENGLISH | ||
| 082 | _A294.51770954 Q2 | ||
| 100 | _aParameswaran P | ||
| 245 | 0 | _aHeart beats of the hindu nation | |
| 250 | _a3rd | ||
| 260 |
_c2011 _bVivekananda prakashan K |
||
| 500 | _aYES | ||
| 650 |
_ahindu nation _bGeneral |
||
| 942 | _cBK | ||
| 999 |
_c205093 _d205093 |
||